| 000 | 00694nam a22002297a 4500 | ||
|---|---|---|---|
| 999 |
_c1152 _d1152 |
||
| 001 | 1152 | ||
| 003 | BD-JhCC | ||
| 005 | 20220228134021.0 | ||
| 008 | 171015s2013 bg |||| ||a| 00| 0 ben d | ||
| 020 | _a9789848088586 | ||
| 035 | _a(BD-JhCC)1152 | ||
| 040 |
_aBD-JhCC _dBD-JhCC |
||
| 041 | _aben | ||
| 082 |
_223 _a891.4435 _bBEG 2013 |
||
| 100 | _aবেগম, আফসানা | ||
| 245 |
_aনাদিন গর্ডিমার ঝাঁপ ও অন্যান্য গল্প / _cআফসানা বেগম |
||
| 260 |
_aঢাকা : _bসন্দেশ _c2013 |
||
| 300 |
_a192 p.: _c22 cm. |
||
| 650 | _aBengali short story | ||
| 942 |
_2ddc _cBK _01 |
||